| 000 | 00898nam a22001577a 4500 | ||
|---|---|---|---|
| 003 | OSt | ||
| 005 | 20150918091404.0 | ||
| 008 | 150918b xxu||||| |||| 00| 0 eng d | ||
| 040 | _cRUA | ||
| 082 | _aAGR NEA 2004 B030 Or.1 | ||
| 100 |
_9723 _aNEAK, SOPHATH. |
||
| 245 | _aanalysis of the influence of human and social factors on the adoption of system of rice intensification in tramkok district, takeo(ការវិភាគទៅលើឥទ្ធិពលនៃកត្តាសង្គម និងកត្តាមនុស្ស ក្នុងការទទួលយកប្រព័ន្ធប្រពលវប្បកម្មដំណាំស្រូវតាមគោលការណ៍ធម្មជាតិនៅស្រុកត្រាំកក់ ខេត្តតាកែវ) | ||
| 260 |
_aPhnom Penh _bRUA _c2004 |
||
| 300 |
_a60p. _bill. _c29cm. |
||
| 942 |
_2ddc _cAGR |
||
| 999 |
_c696 _d696 |
||